Statistics for Countries containing specific 2-letter blocks

Click here to take the quiz!

General Stats

  • This quiz has been taken 92 times
  • The average score is 10 of 20

Answer Stats

Country% Correct
Bulgaria
82%
Burundi
77%
Democratic Republic Of The Congo
63%
Burkina Faso
61%
Republic Of The Congo
58%
United Arab Emirates
56%
Bahamas
54%
Central African Republic
53%
Czech Republic
47%
Burma
46%
Yemen
46%
Dominican Republic
44%
Honduras
37%
Antigua And Barbuda
33%
Madagascar
33%
Guatemala
28%
Luxembourg
23%
East Timor
12%

Score Distribution

Percentile by Number Answered

Percent of People with Each Score

Your Score History

You have not taken this quiz